000 00490nam a2200181 i 4500
001 40949
003 ES-MaACL
005 20230906160338.0
007 t|
008 030307s1873 sp ||||1| spa d
100 1 _aCartagho.
_935870
245 1 3 _aEl duelo o desafĂ­o y sus reglas /
_cpor Cartagho (seud.).
260 _aMadrid :
_b[s.n.,
_c1873] (
_fAribau)
300 _a90 p. ;
_c17 cm.
650 1 4 _aDuelos.
_911988
852 _aES-MaACL
_jFol-Laf-516
852 _aES-MaACL
_jT-160-F-1
999 _c40949
_d40949